| 000 | 00897nam a22002057a 4500 | ||
|---|---|---|---|
| 005 | 20260206115458.0 | ||
| 006 | a|||||r||||||||||| | ||
| 008 | s19992007gr b 001 gre d | ||
| 020 | _a9600107904 | ||
| 040 |
_aGR-AtMCL _bgre _dGR-AtMCL _eAACR2 |
||
| 100 | 1 |
_aΒοσνιάδου, Στέλλα _9207 |
|
| 245 | 0 | 0 |
_aΕισαγωγή στην ψυχολογία: _cεπιμέλεια Στέλλα Βοσνιάδου ;Μαρία Νασιάκου, Αλεξάνδρα Χαντζή, Μίκα Φατούρου-Χαρίτου. _bΚοινωνική Ψυχολογία, Κλινική Ψυχολογία/ _nΤόμος Β' |
| 260 |
_aΑθήνα : _bGutenberg, _c2007. |
||
| 300 |
_a251 σ. : _bσχ.; _c24 εκ. |
||
| 440 | 0 |
_aΨυχολογία (Gutenberg) ; _v17 |
|
| 504 | _aΠεριέχει βιβλιογραφία. | ||
| 650 | 0 |
_aΨυχολογία _99898 |
|
| 942 | _cBK | ||
| 999 |
_c10108 _d10108 |
||